000 00740cam a2200253 4500
001 J726
008 090401t1992 xxu||||| |||| 00| 0 eng d
035 _a(Sirsi) u76457
041 _aeng
050 _a693.832
100 _aBloomfield, D.P.
245 _aAssessing programs which predict the thermal performance of buildings.
260 _aGarston, Warford
_bBuilding Research Establishment
_c1992
300 _a(3)p. ; 30cm.
350 _a0
490 _aBRE Information Paper
_v7/92
650 _aCOMPUTER PROGRAMS
690 _aMANAGEMENT-BUSINESS MANAGEMENT-INFORMATION MANAGEMENT
700 _aLomas. K.J.,
700 _aMartin, C.J.
710 _aBuilding Research Establishment
942 _n0
948 _c04/03/1997
999 _c96179
_d96179